000
00224nam a2200097Ia 4500
001
1197847
005
20250827021834.0
008
250824s9999 xx 000 0 und d
245
0
_a
İZ
_c
CANAN TAN
260
_b
ALTIN KİTAPLAR
999
_c
1197847
_d
1197847